Sổ tay quá trình và thiết bị công nghệ hóa chất

Guardat en:
Dades bibliogràfiques
Format: Llibre
Idioma:Undetermined
Publicat: Hà Nội Khoa học và Kỹ thuật 2005
Matèries:
Etiquetes: Afegir etiqueta
Sense etiquetes, Sigues el primer a etiquetar aquest registre!
Thư viện lưu trữ: Trung tâm Học liệu Trường Đại học Cần Thơ
LEADER 00720nam a2200217Ia 4500
001 CTU_87649
008 210402s9999 xx 000 0 und d
020 |c 71000 
082 |a 681.754 
082 |b S450 
245 0 |a Sổ tay quá trình và thiết bị công nghệ hóa chất 
245 0 |c Nguyễn Bin...[et al.] 
260 |a Hà Nội 
260 |b Khoa học và Kỹ thuật 
260 |c 2005 
526 |a Đồ án Kỹ thuật thực phẩm 
526 |b NN164 
650 |a Chemical apparatus,Chemical engineering,Scientific apparatus and instruments 
650 |x Equipment and supplies 
904 |i Năm 
980 |a Trung tâm Học liệu Trường Đại học Cần Thơ